000 00532nam a2200181Ia 4500
008 090123s9999 xx 000 0 und d
082 _b17153
_a891.463/मेहता
100 _aमेहता शशिकला
245 _aशोपीस
250 _a1
260 _bनवचैतन्य प्रकाशन
_c1989
300 _a155
600 _aमेहता शशिकला
630 _aशोपीस
700 _aमेहता शशिकला
730 _aशोपीस
942 _cBOOK
999 _c55213
_d55213